000 00998nam a2200301Ia 4500
001 Para_5715
003 CHAP
008 220125s1952 xx 000 0 und d
010 _a204145
040 _cCHAP
090 _aPA TESIS 59
100 _aCarnero Hernández, Manuel
_919239
245 _aControl químico de las plagas del algodonero en la región del Río Bravo, Tamps., ciclo agrícola, 1952 /
_c por Manuel Carnero Hernández
260 _aMéxico, D.F. :
_b el autor
300 _a49 h.
502 _aTesis (Ing. Agr. Esp. en Parasitología Agrícola) ENA. Departamento Parasitología Agrícola
650 _aAlgodón
_x plagas
_94046
650 _aAlgodón
_x Tamaulipas
_94062
650 _aInsecticidas
_958855
710 _aENA. Departamento Parasitología Agrícola
_9164684
901 _aPA TESIS 59
902 _aA
905 _a0000001952 a 0000000000 00
910 _a1952
942 _cPARA
942 _cPARA
_d1
999 _c204145
_d204145